Mecánica vectorial para ingenieros: (Registro nro. 22174)

Detalles MARC
000 -Cabecera
Campo de control interno 01062nam a22002537a 4500
005 - Fecha y hora del registro
control field 20260407102938.0
008 - Elementos de Longitud Fija
fixed length control field 260406b |||||||| |||| 00| 0 spa d
041 ## - Idioma
Codigo Idioma ESP
082 ## - DEWEY y NOTACIÓN INTERNA
Dewey 531.12
Notación Interna B39 2017
100 ## - AUTOR
Autor denominación Beer, Ferdinand P.
Término de relación autor
245 ## - TÍTULO DE MATERIAL BIBLIOGRÁFICO
Título Mecánica vectorial para ingenieros:
Título paralelo estática
260 ## - CIUDAD, EDITORIAL, AÑO
Ciudad :
Nombre de la Editorial ,
Año 2017
300 ## - DESCRIPCIÓN
N° Páginas varias paginaciones :
Otros detalles ;
Dimensiones 27 cm.
440 ## - MENCIÓN DE SERIE
Título de la Serie ;
650 ## - TEMAS
Temas Tecnología (Ciencias Aplicadas)
654 ## - PROGRAMAS
Programa Dpto. de Ingeniería Industrial
700 ## - OTROS AUTORES
Otros autores ;
856 ## - URL - UBICACIÓN
URI/URL: Enlace exacto del recurso <a href="https://itmsp.museknowledge.com/UCSP?url=https://www.ebooks7-24.com:443/?il=16345&pg=1">https://itmsp.museknowledge.com/UCSP?url=https://www.ebooks7-24.com:443/?il=16345&pg=1</a>
Nota pública: Versión digital <a href="Versión digital (2021)">Versión digital (2021)</a>
856 ## - URL - UBICACIÓN
URI/URL: Enlace exacto del recurso <a href="https://0u213vg9f-y-https-ebooks7--24-com.itmsp.museknowledge.com/biblioteca.aspx">https://0u213vg9f-y-https-ebooks7--24-com.itmsp.museknowledge.com/biblioteca.aspx</a>
Nota pública: Versión digital <a href="Véase además: Base de datos Ebook7-24">Véase además: Base de datos Ebook7-24</a>
856 ## - URL - UBICACIÓN
URI/URL: Enlace exacto del recurso <a href="https://0u21dvg9u-y-https-ebooks-editorialmacro-com.itmsp.museknowledge.com/library">https://0u21dvg9u-y-https-ebooks-editorialmacro-com.itmsp.museknowledge.com/library</a>
Nota pública: Versión digital <a href="Véase además: Base de datos Macro Digital">Véase además: Base de datos Macro Digital</a>
856 ## - URL - UBICACIÓN
URI/URL: Enlace exacto del recurso <a href="https://0u20fvga0-y-https-research-ebsco-com.itmsp.museknowledge.com/c/qxo6us/search">https://0u20fvga0-y-https-research-ebsco-com.itmsp.museknowledge.com/c/qxo6us/search</a>
Nota pública: Versión digital <a href="Véase además: Base de datos EBSCOhost">Véase además: Base de datos EBSCOhost</a>
942 ## - ELEMENTOS DE KOHA
Tipo de documento Libro
Nombre del creador Justo Noguera
Código de catalogador Justo Noguera
Suppress in OPAC No
Esquema de clasificación Dewey Decimal Classification
Existencias
Codigo completo Registro Colección Copia número Disponibilidad Tipo de préstamo Biblioteca Actual Procedencia (Biblioteca) Ubicacón Fecha Ingreso Tipo de Adquisición Date last seen Total checkouts Price effective from Tipo de Item Estado del Material Fuente de Clasificación Damaged status Withdrawn status
531.12 B39 2017 1065171 Universidad Católica San Pablo 1 Disponible Disponible Víctor Andrés Belaunde Víctor Andrés Belaunde Segundo piso 06/04/2026 Compra 06/04/2026   06/04/2026 Libro Bueno Dewey Decimal Classification